Normal view
MARC view
- Gatz, Konrad
Entry Personal Name
001 - CONTROL NUMBER
- control field: 45781
003 - CONTROL NUMBER IDENTIFIER
- control field: NUST
005 - DATE AND TIME OF LATEST TRANSACTION
- control field: 20210314133339.0
008 - FIXED-LENGTH DATA ELEMENTS
- fixed length control field: 210314|| aca||aabn | a|a d
040 ## - CATALOGING SOURCE
- Original cataloging agency: NUST
- Transcribing agency: NUST
100 ## - HEADING--PERSONAL NAME
- Personal name: Gatz, Konrad
670 ## - SOURCE DATA FOUND
- Source citation: Work cat.: (NUST): Gatz, Konrad., Curtain wall construction., [1967, c1965]
